00322nam a2200133Ia 4500003000400000008004100004020002300045040000800068100001500076245004500091260002800136300001300164365001100177LDD181029s9999 xx 000 0 und d a8179101592c525.00 cLDD aIyer, Iyer 0aWomen in developing countriescIyer Iyer aJaipurbAavishkarc2006 av, 216p. b525.00